Normal view
MARC view
- KAur, Taranpreet
Entry Personal Name
001 - CONTROL NUMBER
- control field: 212483
003 - CONTROL NUMBER IDENTIFIER
- control field: OSt
005 - DATE AND TIME OF LATEST TRANSACTION
- control field: 20250701155600.0
008 - FIXED-LENGTH DATA ELEMENTS
- fixed length control field: 250701|| aca||aabn | a|a d
040 ## - CATALOGING SOURCE
- Original cataloging agency: OSt
- Transcribing agency: OSt
100 ## - HEADING--PERSONAL NAME
- Personal name: KAur, Taranpreet
670 ## - SOURCE DATA FOUND
- Source citation: Work cat.: (OSt)367134: Bandana 180188, Community Health Nursing -1 Semester -V, 2025